|
|
|
|
| LEADER |
00000cam a2200000 7i4500 |
| 001 |
0000074329 |
| 005 |
20170725.0 |
| 008 |
170725 |
| 020 |
|
|
|a 983823849X
|
| 090 |
0 |
0 |
|a JF
|b MAL
|
| 100 |
0 |
|
|a Mansor A.bakar
|
| 245 |
1 |
0 |
|a Bilik darjah
|c Mansor A.bakar
|
| 260 |
|
|
|a Petaling Jaya :
|b Prisma sdn.bhd ,
|c 2001
|
| 440 |
|
|
|a Siri sekolahku kebanggaanku
|
| 500 |
|
|
|a Children ages 7-9 years old (orange)
|
| 650 |
|
0 |
|a Judul
|
| 650 |
|
0 |
|a Malay language
|x Readers
|
| 650 |
|
0 |
|a Siri
|
| 999 |
|
|
|a 0000013752
|b Book
|c Children Collection
|e Cawangan Taman Universiti
|
| 999 |
|
|
|a 0000013753
|b Book
|c Children Collection
|e Cawangan Taman Universiti
|